The Music connection. (Record no. 14666)

MARC details
000 -LEADER
fixed length control field 00581nam a22002052 4500
001 - CONTROL NUMBER
control field 0000012582
005 - DATE AND TIME OF LATEST TRANSACTION
control field 20151217160127.0
008 - FIXED-LENGTH DATA ELEMENTS--GENERAL INFORMATION
fixed length control field 090222s xx 000 0 eng d
020 ## - INTERNATIONAL STANDARD BOOK NUMBER
International Standard Book Number 0382261836 :
040 ## - CATALOGING SOURCE
Original cataloging agency KABU
Transcribing agency KABU
245 14 - TITLE STATEMENT
Title The Music connection.
250 ## - EDITION STATEMENT
Edition statement 1st ed.
260 ## - PUBLICATION, DISTRIBUTION, ETC. (IMPRINT)
Place of publication, distribution, etc. Atlanta, GA :
Name of publisher, distributor, etc. Silver Burdett,
Date of publication, distribution, etc. 1995.
300 ## - PHYSICAL DESCRIPTION
Extent 317 p.
650 #0 - SUBJECT ADDED ENTRY--TOPICAL TERM
Topical term or geographic name as entry element Music.
-- 0000169465
852 1# - LOCATION
-- p400 KES
852 1# - LOCATION
-- p400 KES
908 ## - PUT COMMAND PARAMETER (RLIN)
Put command parameter 090222
950 ## - LOCAL HOLDINGS (RLIN)
-- 1
Holdings
Withdrawn status Lost status Source of classification or shelving scheme Not for loan Home library Current library Date acquired Total Checkouts Full call number Barcode Date last seen Price effective from Koha item type
    Library of Congress Classification   Kabarak, Main Campus Kabarak, Main Campus 17/12/2015   MT930 .M87 1995 c. 1 16716 17/12/2015 17/12/2015 Children Collection
    Library of Congress Classification   Kabarak, Main Campus Kabarak, Main Campus 17/12/2015   MT930 .M87 1995 c. 2 16715 11/01/2017 17/12/2015 Children Collection
Designed with assistance from East African Informatics Ltd